000 00885nam a2200253 a 4500
001 000001991
003 DO-SdBNP
005 20240412074159.0
008 090630s2007 dr 000 f spa d
020 _a9789945160819
040 _aDO-SdBNP
_bspa
_cBNPHU
082 _aRD863.44
_bU15n
100 1 _aUbiñas Renville, Guaroa,
_d1944-
_96462
245 1 3 _aEl niño y el bicornio :
_bla infancia del dictador Trujillo /
_cGuaroa Ubiñas Renville.
260 _aSanto Domingo :
_bBúho,
_c2007.
300 _a200 p. ;
_c23 cm.
500 _aIncluye datos biográficos del autor en la solapa de la cubierta
590 _aInventariado, 2020 /LP
600 1 0 _aTrujillo Molina, Rafael Leónidas,
_d1891-1961
_vFicción
_96463
650 1 0 _aLiteratura dominicana.
_967
650 1 4 _aNovela histórica dominicana.
_9860
910 _aValidación. Control calidad. MFF
942 _2ddc
_cLBS1
999 _c1857
_d1857